000 01014nam a2200217 i 4500
001 60474
003 ES-MaACL
005 20230906164235.0
007 t|
008 031105m19701972sp ||||1| spa d
100 1 _aEspina, Concha,
_d1869-1955
_947834
245 1 0 _aObras completas /
_cde Concha Espina ; [prólogo por Víctor de la Serna].
250 _a3ª ed.
260 _aMadrid :
_bFax,
_c1970-72.
300 _a2 v. ;
_c20 cm.
500 _aIndice.
505 8 _aContiene: V. I: La niña de Luzmela ; Despertar para morir ; Agua de nieve ; La esfinge maragata ; La rosa de los vientos ; El metal de los muertos ; Dulce nombre ; el Cáliz rojo ; Altar mayor ; La virgen prudente ; La flor de ayer ; Retaguardia ; Victoria, en América . -- V. II: El más fuerte ; Un valle en el mar ; Una novela de amor ; Novelas cortas ; Cuentos ; Crónicas ; Estudios y biografías ; Teatro ; Verso
700 1 _aSerna, Víctor de la.
_9105577
852 _aES-MaACL
_jL-10103-4
_bR.112371
999 _c60474
_d60474